000
00240nam a22001097a 4500
082
_a
070.1 CHA'N
100
_a
CHARNLEY, MITCHELL V
_9
57887
245
_a
NEWS BY RADIO
260
_a
NEWYORK
_b
MACMILLAN
_c
1948
300
_a
403P
942
_c
BK
999
_c
568130
_d
568130